| 000 | 01571cad a22002775a 4500 | ||
|---|---|---|---|
| 001 | E147042 | ||
| 008 | 090325s2009 stk f s000 0 eng d | ||
| 020 | _a9780755974788 | ||
| 022 | 1 | _a0141-514X | |
| 035 | _a(Sirsi) u147042 | ||
| 041 | 0 | _aeng | |
| 050 | 0 | 4 | _a711.1 $2 18 |
| 110 | 2 |
_aScotland _bScottish Government _95344 |
|
| 245 | 0 | 4 |
_aThe Town and Country Planning (General Permitted Development) (Domestic Microgeneration) (Scotland) Amendment Order 2009 _bplanning circular 2 2009 _h[electronic resource] |
| 260 |
_aEdinburgh _bScottish Government _c2009 |
||
| 490 | 0 |
_aPlanning Circular _v(2/2009) |
|
| 520 | _aDiscusses the provisions of the Town and Country Planning (General Permitted Development) (Domestic Microgeneration) (Scotland) Amendment Order 2009 (GPDO) which came into force on 12 March 2009. The aim of the amendments is to allow the installation of more microgeneration equipment on existing domestic buildings without the need to apply for planning permission. See E147046 for the Order itself. | ||
| 521 | _aAdvanced | ||
| 590 | _aKA | ||
| 650 | 2 | 4 | _aTOWN AND COUNTRY PLANNING (GENERAL PERMITTED DEVELOPMENT) (DOMESTIC MICROGENERATION) (SCOTLAND) AMENDMENT ORDER 2009 |
| 650 | 2 | 4 | _aTOWN AND COUNTRY PLANNING (GENERAL PERMITTED DEVELOPMENT) (SCOTLAND) ORDER 1992 |
| 651 | 4 |
_aScotland _y1999- |
|
| 690 | _aENVIRONMENTAL AND LAND CONSULTANCY-PLANNING AND DEVELOPMENT-PLANNING GUIDANCE | ||
| 856 | 4 | 0 |
_uhttps://www.scotland.gov.uk/Publications/2009/03/23162738/0 _zView the circular free of charge at www.scotland.gov.uk... |
| 942 | _n0 | ||
| 999 |
_c109422 _d109422 |
||